[Event "Madrid 2023-2024ch - Semifinal"]
[Site "Madrid ESP"]
[Date "2024.05.07"]
[Round "2.21"]
[White "Urosa Sanchez, Pablo"]
[Black "Pavon Mestras, Luis"]
[Result "1/2-1/2"]
[WhiteElo "1827"]
[BlackElo "1885"]
[PlyCount "82"]
[EventDate "2024.05.06"]
[EventRounds "7"]
[SourceTitle "AjedrezenMadrid"]
[Source "lmi"]
[SourceDate "2024.05.06"]
[SourceVersion "1"]
[SourceVersionDate "2024.05.12"]
[SourceQuality "1"]

1. e4 c5 2. c3 d5 3. exd5 Qxd5 4. d4 Nf6 5. Nf3 e6 6. Be3 cxd4 7. Bxd4 Be7 8.
Be2 O-O 9. O-O Nc6 10. Bxf6 Qxd1 11. Rxd1 Bxf6 12. Na3 b6 13. Nc2 e5 14. Ne3
Be6 15. Nd5 Bd8 16. Bb5 Ne7 17. Nxe7+ Bxe7 18. Nxe5 Bf6 19. Nc6 a6 20. Be2 b5
21. Nd4 Rfe8 22. Nxe6 Rxe6 23. Bf3 Rd8 24. Kf1 Red6 25. Rxd6 Rxd6 26. Rd1 Rxd1+
27. Bxd1 a5 28. Ke2 Kf8 29. Kd3 Ke7 30. f4 g5 31. fxg5 Bxg5 32. b4 axb4 33.
cxb4 h6 34. Kd4 Kd6 35. Bh5 Bd2 36. Bxf7 Bxb4 37. Be8 Bc5+ 38. Kd3 Bg1 39. Bxb5
Bxh2 40. Ke4 Bg1 41. g4 Kc5 1/2-1/2

[Event "Madrid 2023-2024ch - Semifinal"]
[Site "Madrid ESP"]
[Date "2024.05.08"]
[Round "3.1"]
[White "Rodriguez Melendez, Juan Humbert"]
[Black "De La Puerta Cresis, Javier"]
[Result "1/2-1/2"]
[WhiteElo "2073"]
[BlackElo "2233"]
[PlyCount "82"]
[EventDate "2024.05.06"]
[EventRounds "7"]
[SourceTitle "AjedrezenMadrid"]
[Source "lmi"]
[SourceDate "2024.05.06"]
[SourceVersion "1"]
[SourceVersionDate "2024.05.12"]
[SourceQuality "1"]

1. Nf3 d5 2. c4 e6 3. b3 Nf6 4. Bb2 Be7 5. g3 O-O 6. Bg2 c5 7. cxd5 Nxd5 8. O-O
Nc6 9. Nc3 Bf6 10. Rc1 b6 11. Qc2 Bb7 12. Rfd1 Rc8 13. Qb1 h6 14. Ne4 Bxb2 15.
Qxb2 Qe7 16. a3 Rfd8 17. d3 Nd4 18. e3 Nxf3+ 19. Bxf3 Rc7 20. Bg2 Rcd7 21. Rc2
Ba6 22. Rcd2 Nc7 23. Qb1 Nb5 24. Qc1 Bb7 25. Nc3 Nxc3 26. Qxc3 Ba6 27. Bf1 Rd6
28. b4 cxb4 29. Qxb4 Qc7 30. d4 Bxf1 31. Kxf1 Rc6 32. d5 exd5 33. Rxd5 Rxd5 34.
Rxd5 Rc1+ 35. Kg2 Qc6 36. Qe4 g6 37. Rd8+ Kg7 38. Rd5 Rc4 39. Qd3 Rc3 40. Qd4+
Qf6 41. a4 Qxd4 1/2-1/2

[Event "Madrid 2023-2024ch - Semifinal"]
[Site "Madrid ESP"]
[Date "2024.05.08"]
[Round "3.2"]
[White "Torres Rebolledo, Victor"]
[Black "Mansor Habash, Zouheir"]
[Result "1-0"]
[WhiteElo "2214"]
[BlackElo "1818"]
[PlyCount "35"]
[EventDate "2024.05.06"]
[EventRounds "7"]
[SourceTitle "AjedrezenMadrid"]
[Source "lmi"]
[SourceDate "2024.05.06"]
[SourceVersion "1"]
[SourceVersionDate "2024.05.12"]
[SourceQuality "1"]

1. Nf3 d5 2. e3 Nf6 3. c4 c6 4. d4 Bf5 5. Nc3 e6 6. Nh4 Bg6 7. Nxg6 hxg6 8. h3
Bd6 9. Qb3 b6 10. Bd2 Nbd7 11. cxd5 exd5 12. Ba6 Ng4 13. Ke2 Qh4 14. g3 Qg5 15.
hxg4 O-O 16. Rh4 f5 17. Nxd5 Rf7 18. Rah1 1-0

[Event "Madrid 2023-2024ch - Semifinal"]
[Site "Madrid ESP"]
[Date "2024.05.08"]
[Round "3.3"]
[White "Martin Rodriguez, Emilio"]
[Black "Torres Boch, Jose Francisco"]
[Result "1/2-1/2"]
[WhiteElo "2037"]
[BlackElo "2126"]
[PlyCount "119"]
[EventDate "2024.05.06"]
[EventRounds "7"]
[SourceTitle "AjedrezenMadrid"]
[Source "lmi"]
[SourceDate "2024.05.06"]
[SourceVersion "1"]
[SourceVersionDate "2024.05.12"]
[SourceQuality "1"]

1. d4 Nf6 2. Nf3 e6 3. Bg5 d5 4. Nbd2 Be7 5. e3 Nbd7 6. c3 O-O 7. Bd3 c5 8. Qe2
b6 9. e4 dxe4 10. Nxe4 Bb7 11. Bxf6 Nxf6 12. Rd1 cxd4 13. Nxd4 Qc7 14. O-O Qf4
15. g3 Qe5 16. Nxf6+ Bxf6 17. Qxe5 Bxe5 18. Be2 Rfd8 19. Bf3 Bxf3 20. Nxf3 Bf6
21. Rfe1 Kf8 22. Kf1 Ke7 23. Ke2 h5 24. h3 e5 25. Rxd8 Rxd8 26. Rd1 Rxd1 27.
Kxd1 Ke6 28. Ke2 Be7 29. Nd2 f5 30. f3 Kd5 31. Kd3 b5 32. b3 Bg5 33. Nf1 g6 34.
Ne3+ Bxe3 35. Kxe3 g5 36. g4 hxg4 37. hxg4 f4+ 38. Kd3 a6 39. c4+ bxc4+ 40.
bxc4+ Kc5 41. Kc3 Kc6 42. Kd3 Kd6 43. Ke4 Kc5 44. Kxe5 Kxc4 45. Kf5 Kd4 46.
Kxg5 Ke3 47. Kh4 Kxf3 48. g5 Ke3 49. g6 f3 50. g7 f2 51. g8=Q f1=Q 52. Qe6+ Kd2
53. Qd6+ Kc2 54. a3 Qc4+ 55. Kg3 Qc3+ 56. Kf2 a5 57. Ke2 Qc4+ 58. Ke3 a4 59.
Qd2+ Kb3 60. Qd3+ 1/2-1/2

[Event "Madrid 2023-2024ch - Semifinal"]
[Site "Madrid ESP"]
[Date "2024.05.08"]
[Round "3.4"]
[White "Horcajuelo Rocamora, Martin"]
[Black "Blazquez Sanz, Oscar"]
[Result "1-0"]
[WhiteElo "2242"]
[BlackElo "1965"]
[PlyCount "103"]
[EventDate "2024.05.06"]
[EventRounds "7"]
[SourceTitle "AjedrezenMadrid"]
[Source "lmi"]
[SourceDate "2024.05.06"]
[SourceVersion "1"]
[SourceVersionDate "2024.05.12"]
[SourceQuality "1"]

1. d4 d5 2. c4 e6 3. Nf3 Nf6 4. Nc3 c6 5. Bg5 h6 6. Bxf6 Qxf6 7. a3 Nd7 8. e4
dxe4 9. Nxe4 Qd8 10. Bd3 Nf6 11. O-O Nxe4 12. Bxe4 Bd6 13. Qe2 O-O 14. Rad1 Qc7
15. c5 Be7 16. Bd3 Bf6 17. Qe4 g6 18. h4 Bg7 19. Ne5 f5 20. Qe2 Bxe5 21. Qxe5
Qe7 22. g3 b6 23. Bc4 Kf7 24. h5 b5 25. hxg6+ Kxg6 26. Be2 Qg5 27. Kg2 f4 28.
Bd3+ Kf7 29. Qc7+ Kf6 30. Qxf4+ Qxf4 31. gxf4 Bd7 32. Rh1 Kg7 33. Kf3 Rf6 34.
Rdg1+ Kf7 35. Ke4 Rh8 36. Rh4 h5 37. Rg5 Rf5 38. Ke3 Rxg5 39. fxg5 Be8 40. Kf4
Ke7 41. Ke5 a5 42. g6 Rh6 43. f4 b4 44. axb4 axb4 45. b3 Rxg6 46. Bxg6 Bxg6 47.
f5 exf5 48. d5 cxd5 49. Rxb4 Kd7 50. Rb7+ Kd8 51. Kd6 Kc8 52. Rg7 1-0

[Event "Madrid 2023-2024ch - Semifinal"]
[Site "Madrid ESP"]
[Date "2024.05.08"]
[Round "3.5"]
[White "Martinez Fernandez, Raul"]
[Black "Bravo De La Vega, Alvaro"]
[Result "1/2-1/2"]
[WhiteElo "2181"]
[BlackElo "2027"]
[PlyCount "83"]
[EventDate "2024.05.06"]
[EventRounds "7"]
[SourceTitle "AjedrezenMadrid"]
[Source "lmi"]
[SourceDate "2024.05.06"]
[SourceVersion "1"]
[SourceVersionDate "2024.05.12"]
[SourceQuality "1"]

1. e4 c5 2. Nf3 d6 3. d4 cxd4 4. Nxd4 Nf6 5. Nc3 a6 6. Be2 e5 7. Nb3 Be7 8. Be3
Be6 9. Nd5 Nbd7 10. Qd3 Rc8 11. a4 Bxd5 12. exd5 Nb6 13. Bxb6 Qxb6 14. O-O O-O
15. a5 Qc7 16. c4 Nd7 17. Bg4 g6 18. Bxd7 Qxd7 19. Nd2 f5 20. f3 Bf6 21. Ra2
Qc7 22. b4 Bg5 23. Rc2 b6 24. c5 bxc5 25. bxc5 Bxd2 26. Qxd2 Qa7 27. Rfc1 Rxc5
28. Rxc5 Rc8 29. Kf1 Rxc5 30. Rxc5 Qxc5 31. Qb2 Qxd5 32. Qb8+ Kg7 33. Qa7+ Kh6
34. Qxa6 Qd1+ 35. Kf2 Qd2+ 36. Kg3 e4 37. Qc8 f4+ 38. Kh3 Qxa5 39. Qf8+ Kg5 40.
Qe7+ Kh6 41. Qf8+ Kg5 42. Qe7+ 1/2-1/2

[Event "Madrid 2023-2024ch - Semifinal"]
[Site "Madrid ESP"]
[Date "2024.05.08"]
[Round "3.6"]
[White "Torres Rebolledo, Alvaro"]
[Black "Vioque Gonzalez, Nicolas"]
[Result "0-1"]
[WhiteElo "2100"]
[BlackElo "2045"]
[PlyCount "86"]
[EventDate "2024.05.06"]
[EventRounds "7"]
[SourceTitle "AjedrezenMadrid"]
[Source "lmi"]
[SourceDate "2024.05.06"]
[SourceVersion "1"]
[SourceVersionDate "2024.05.12"]
[SourceQuality "1"]

1. e4 e5 2. Nf3 Nc6 3. Bc4 Bc5 4. d3 Nf6 5. c3 d6 6. Nbd2 a6 7. Bb3 Ba7 8. Nf1
h6 9. h3 Be6 10. Ng3 O-O 11. O-O d5 12. Qe2 Re8 13. Rd1 Qd7 14. Be3 d4 15. Bxe6
fxe6 16. Bc1 Kh7 17. Nh2 Rf8 18. c4 Bc5 19. f4 exf4 20. Bxf4 g5 21. Bd2 Bd6 22.
Nh5 Nxh5 23. Qxh5 Qf7 24. Qe2 Ne5 25. b4 Ng6 26. Ng4 Bf4 27. Rf1 Qg7 28. Nf2
Rf7 29. Bxf4 Nxf4 30. Qd1 Raf8 31. Qc2 h5 32. g3 Ng6 33. Qe2 Rf3 34. Nh1 g4 35.
hxg4 hxg4 36. Kg2 Qh6 37. Kg1 Ne5 38. Qg2 Qe3+ 39. Rf2 Nxd3 40. Qh2+ Kg6 41.
Raf1 Nxf2 42. Nxf2 Rxf2 43. Rxf2 Qe1+ 0-1

[Event "Madrid 2023-2024ch - Semifinal"]
[Site "Madrid ESP"]
[Date "2024.05.08"]
[Round "3.7"]
[White "Alvarez Abejon, Amilcar"]
[Black "Rios Rebollo, Victor"]
[Result "0-1"]
[WhiteElo "1924"]
[BlackElo "2039"]
[PlyCount "52"]
[EventDate "2024.05.06"]
[EventRounds "7"]
[SourceTitle "AjedrezenMadrid"]
[Source "lmi"]
[SourceDate "2024.05.06"]
[SourceVersion "1"]
[SourceVersionDate "2024.05.12"]
[SourceQuality "1"]

1. d4 d5 2. Bf4 e6 3. e3 Bd6 4. Nf3 Nf6 5. Nbd2 O-O 6. Bd3 c5 7. c3 Nc6 8. Bg3
Qe7 9. Ne5 Qc7 10. f4 Ne8 11. O-O f5 12. Bh4 Nf6 13. Bxf6 Rxf6 14. Ndf3 Bd7 15.
Kh1 Bxe5 16. Nxe5 Nxe5 17. fxe5 Rf7 18. g4 Qb6 19. Qe2 Raf8 20. g5 Re7 21. Rf4
Rc8 22. h4 Be8 23. h5 c4 24. Bb1 Bxh5 25. Qxh5 Qxb2 26. Rh4 g6 0-1

[Event "Madrid 2023-2024ch - Semifinal"]
[Site "Madrid ESP"]
[Date "2024.05.08"]
[Round "3.8"]
[White "Perez Diez, Victor"]
[Black "Sanchez Rodriguez, Jaime"]
[Result "1/2-1/2"]
[WhiteElo "2012"]
[BlackElo "1903"]
[PlyCount "108"]
[EventDate "2024.05.06"]
[EventRounds "7"]
[SourceTitle "AjedrezenMadrid"]
[Source "lmi"]
[SourceDate "2024.05.06"]
[SourceVersion "1"]
[SourceVersionDate "2024.05.12"]
[SourceQuality "1"]

1. e4 d5 2. exd5 Qxd5 3. Nc3 Qd6 4. Bc4 Nf6 5. d3 a6 6. Qe2 Nc6 7. a3 Nd4 8.
Qd1 b5 9. Ba2 Bb7 10. f3 Rd8 11. Nce2 e5 12. Be3 Ng4 13. Bxd4 exd4 14. fxg4
Bxg2 15. Ng3 Bxh1 16. Nxh1 Kd7 17. Ng3 Re8+ 18. N1e2 Qf4 19. Qd2 Qxg4 20. Bxf7
Re3 21. Bh5 Qh4 22. O-O-O g6 23. Kb1 Bh6 24. Qb4 gxh5 25. Nf5 Qf6 26. Qxd4+
Qxd4 27. Nexd4 Bg5 28. Nxe3 Bxe3 29. Nf5 Bf4 30. h3 Rf8 31. Nd4 Be3 32. Nb3 Rf3
33. Rh1 Ke6 34. c4 Ke5 35. Kc2 Kf4 36. cxb5 axb5 37. Kc3 Kg3 38. Nd4 Bxd4+ 39.
Kxd4 Kg2 40. Rc1 Rf7 41. Rc5 h4 42. Rxb5 Kxh3 43. Rg5 Kh2 44. Ke3 h3 45. a4 Rf1
46. a5 Rg1 47. Rh5 Rg3+ 48. Kf2 Rg2+ 49. Kf1 Rg1+ 50. Kf2 Rg2+ 51. Kf1 Rxb2 52.
Rxh7 Kg3 53. Rg7+ Kf3 54. Rf7+ Kg3 1/2-1/2

[Event "Madrid 2023-2024ch - Semifinal"]
[Site "Madrid ESP"]
[Date "2024.05.08"]
[Round "3.9"]
[White "Anton Ortiz, Carlos"]
[Black "Moreno Lopez, Avelino"]
[Result "1/2-1/2"]
[WhiteElo "1766"]
[BlackElo "2001"]
[PlyCount "95"]
[EventDate "2024.05.06"]
[EventRounds "7"]
[SourceTitle "AjedrezenMadrid"]
[Source "lmi"]
[SourceDate "2024.05.06"]
[SourceVersion "1"]
[SourceVersionDate "2024.05.12"]
[SourceQuality "1"]

1. d4 c5 2. d5 f5 3. Nh3 Nf6 4. g3 b5 5. Bg2 Bb7 6. O-O g6 7. Bf4 Qb6 8. Na3
Bg7 9. c4 a6 10. cxb5 axb5 11. Qb3 Rxa3 12. bxa3 c4 13. Qb2 O-O 14. Be5 e6 15.
Rab1 Bxd5 16. Bxd5 exd5 17. Qxb5 Qxb5 18. Rxb5 Nc6 19. Bxf6 Bxf6 20. Rxd5 Nd4
21. Nf4 c3 22. Rc5 g5 23. e3 gxf4 24. exd4 fxg3 25. Rd1 gxh2+ 26. Kxh2 Re8 27.
Rxc3 Re2 28. Rf3 Rxa2 29. Rxf5 Kf7 30. Rd3 Kg6 31. Rd5 Rxf2+ 32. Kg3 Ra2 33.
Rxd7 h5 34. Rd6 Kg5 35. Kf3 h4 36. Rd5+ Kg6 37. Kg4 Kf7 38. Rf5 Kg6 39. Rxf6+
Kxf6 40. d5 Ke7 41. d6+ Kd7 42. Kh3 Rf2 43. Kg4 Rf6 44. Kxh4 Rxd6 45. Rb3 Rg6
46. a4 Rg1 47. Rc3 Kd6 48. Rc4 1/2-1/2

[Event "Madrid 2023-2024ch - Semifinal"]
[Site "Madrid ESP"]
[Date "2024.05.08"]
[Round "3.10"]
[White "Palomo Monserrat, Lorenzo"]
[Black "Gutierrez Diaz, Pablo"]
[Result "0-1"]
[WhiteElo "1740"]
[BlackElo "1994"]
[PlyCount "60"]
[EventDate "2024.05.06"]
[EventRounds "7"]
[SourceTitle "AjedrezenMadrid"]
[Source "lmi"]
[SourceDate "2024.05.06"]
[SourceVersion "1"]
[SourceVersionDate "2024.05.12"]
[SourceQuality "1"]

1. d4 Nf6 2. c4 g6 3. Nc3 Bg7 4. e4 d6 5. Nf3 O-O 6. Be2 e5 7. O-O Nc6 8. d5
Ne7 9. Ne1 Nd7 10. Be3 f5 11. f3 f4 12. Bf2 g5 13. g4 fxg3 14. hxg3 Nf6 15. Be3
Qd7 16. Bxg5 Nh5 17. g4 Nf4 18. Nd3 Nh3+ 19. Kg2 Nxg5 20. Qd2 h6 21. f4 exf4
22. Nxf4 a6 23. Nh5 Rxf1 24. Rxf1 Ng6 25. Rf6 Qe8 26. c5 Nh4+ 27. Kh1 Nxe4 28.
Nxg7 Qe5 29. Ne6 Bxe6 30. Nxe4 Qxe4+ 0-1

[Event "Madrid 2023-2024ch - Semifinal"]
[Site "Madrid ESP"]
[Date "2024.05.08"]
[Round "3.11"]
[White "Urrutia Gonzalez, Javier"]
[Black "Garcia Tanjala, Marko"]
[Result "1-0"]
[WhiteElo "1983"]
[BlackElo "1713"]
[PlyCount "81"]
[EventDate "2024.05.06"]
[EventRounds "7"]
[SourceTitle "AjedrezenMadrid"]
[Source "lmi"]
[SourceDate "2024.05.06"]
[SourceVersion "1"]
[SourceVersionDate "2024.05.12"]
[SourceQuality "1"]

1. e4 c5 2. Nf3 d6 3. Bb5+ Bd7 4. c4 Nf6 5. Nc3 Bxb5 6. cxb5 e6 7. d4 cxd4 8.
Nxd4 Be7 9. O-O O-O 10. Qe2 Re8 11. b3 Nbd7 12. Bb2 Qb6 13. Rad1 h6 14. Kh1 d5
15. exd5 Nxd5 16. Nxd5 exd5 17. Qf3 Ne5 18. Qg3 Ng6 19. Nf5 Bf6 20. Bxf6 Qxf6
21. Ne3 d4 22. Nd5 Qd8 23. Nc7 Rc8 24. Nxe8 Qxe8 25. Qg4 Rc2 26. a4 d3 27. Qd4
Qe6 28. Qd8+ Kh7 29. Qxd3 Re2 30. Kg1 f5 31. Qd5 Qf6 32. Rfe1 Rb2 33. g3 Qg5
34. Qf3 f4 35. Rd7 Ne5 36. Qe4+ Ng6 37. Qd4 Nh4 38. Qxb2 Nf3+ 39. Kh1 fxg3 40.
Qb1+ Kh8 41. Re8# 1-0

[Event "Madrid 2023-2024ch - Semifinal"]
[Site "Madrid ESP"]
[Date "2024.05.08"]
[Round "3.12"]
[White "Vazquez Gonzalez, Jesus"]
[Black "Quiroga Andres, Carlos"]
[Result "0-1"]
[WhiteElo "1955"]
[BlackElo "1654"]
[PlyCount "94"]
[EventDate "2024.05.06"]
[EventRounds "7"]
[SourceTitle "AjedrezenMadrid"]
[Source "lmi"]
[SourceDate "2024.05.06"]
[SourceVersion "1"]
[SourceVersionDate "2024.05.12"]
[SourceQuality "1"]

1. e4 c5 2. Nf3 d6 3. d4 cxd4 4. Nxd4 Nf6 5. Nc3 a6 6. h3 e6 7. g4 Be7 8. Bg2
Qc7 9. Be3 Nfd7 10. Qd2 b5 11. O-O Bb7 12. f4 O-O 13. g5 Rd8 14. h4 Nf8 15. f5
Rd7 16. f6 Bd8 17. fxg7 Kxg7 18. h5 Nc6 19. g6 Nxd4 20. Bh6+ Kg8 21. Bxf8 Qc5
22. gxh7+ Kh8 23. Rf2 Bg5 24. Bg7+ Kxg7 25. Qd3 Rh8 26. b4 Qe5 27. Raf1 Kf8 28.
Nd1 Rxh7 29. c3 Nc6 30. Qh3 Ke8 31. Nb2 Qg7 32. a4 Qh6 33. axb5 axb5 34. Rf3
Ne5 35. Rg3 Qxh5 36. Qxh5 Rxh5 37. Ra1 Ke7 38. Ra5 Bc6 39. Bf1 Rb7 40. Be2 Bf4
41. Rg8 Rg5+ 42. Rxg5 Bxg5 43. Kf2 f5 44. exf5 exf5 45. Ra8 f4 46. Bh5 Ke6 47.
Rf8 Rh7 0-1

[Event "Madrid 2023-2024ch - Semifinal"]
[Site "Madrid ESP"]
[Date "2024.05.08"]
[Round "3.13"]
[White "Bocancea, Cristian Andrei"]
[Black "Martin Martin, Luis Vicente"]
[Result "0-1"]
[WhiteElo "1858"]
[BlackElo "1953"]
[PlyCount "120"]
[EventDate "2024.05.06"]
[EventRounds "7"]
[SourceTitle "AjedrezenMadrid"]
[Source "lmi"]
[SourceDate "2024.05.06"]
[SourceVersion "1"]
[SourceVersionDate "2024.05.12"]
[SourceQuality "1"]

1. d4 d5 2. c4 c6 3. cxd5 cxd5 4. Nc3 Nf6 5. Bf4 Nc6 6. e3 a6 7. Nf3 Bg4 8. h3
Bxf3 9. Qxf3 Qb6 10. Rb1 e6 11. Be2 Be7 12. O-O O-O 13. Qg3 Rfc8 14. Rfc1 Qa5
15. a3 b5 16. Bf3 Qd8 17. Rd1 Ra7 18. b4 Rd7 19. Rbc1 Bd6 20. Bxd6 Rxd6 21. Qf4
Ne7 22. Ne2 Rc4 23. Ra1 Rdc6 24. Nc1 Qc7 25. Qxc7 Rxc7 26. Nb3 R4c6 27. Nc5 Nc8
28. a4 Nd6 29. axb5 axb5 30. Ra5 g6 31. Be2 Rb6 32. Rda1 Nc4 33. Ra8+ Kg7 34.
Bd3 Nd7 35. R1a7 Rxa7 36. Rxa7 Nb8 37. Nd7 Ra6 38. Rb7 Nxd7 39. Rxd7 Ra4 40.
Rb7 Rxb4 41. Kf1 Rb2 42. Ke1 h5 43. e4 Nd6 44. Rb6 dxe4 45. Rxd6 exd3 46. d5
Re2+ 47. Kf1 Rc2 48. Ke1 Re2+ 49. Kf1 e5 50. Rb6 Rb2 51. Ke1 e4 52. Rb7 Kf6 53.
d6 Ke6 54. d7 Ke7 55. d8=Q+ Kxd8 56. Rxf7 b4 57. Rb7 b3 58. Rb4 Re2+ 59. Kf1 b2
60. Rb3 Rc2 0-1

[Event "Madrid 2023-2024ch - Semifinal"]
[Site "Madrid ESP"]
[Date "2024.05.08"]
[Round "3.14"]
[White "Calderon Rojo, Borja"]
[Black "Lozano Argueso, Cesar"]
[Result "1/2-1/2"]
[WhiteElo "1876"]
[BlackElo "1897"]
[PlyCount "72"]
[EventDate "2024.05.06"]
[EventRounds "7"]
[SourceTitle "AjedrezenMadrid"]
[Source "lmi"]
[SourceDate "2024.05.06"]
[SourceVersion "1"]
[SourceVersionDate "2024.05.12"]
[SourceQuality "1"]

1. Nf3 Nf6 2. c4 g6 3. Nc3 Bg7 4. e4 d6 5. d4 O-O 6. Be3 e5 7. dxe5 dxe5 8.
Qxd8 Rxd8 9. Nd5 Nxd5 10. cxd5 c6 11. Bc4 cxd5 12. Bxd5 h6 13. O-O Nc6 14. Bxc6
bxc6 15. Rac1 Ba6 16. Rfd1 Bd3 17. Nd2 Bf8 18. f3 f5 19. exf5 gxf5 20. Nb3 f4
21. Bc5 Bg7 22. Be7 Rd7 23. Nc5 Rxe7 24. Rxd3 e4 25. Nxe4 Bxb2 26. Rxc6 Rb8 27.
h3 Bg7 28. Kh2 Rb1 29. Nf6+ Kf7 30. Ne4 Rb2 31. a3 Ra2 32. h4 Kg8 33. Nf6+ Bxf6
34. Rxf6 Rg7 35. Rxf4 Raxg2+ 36. Kh1 R2g3 1/2-1/2

[Event "Madrid 2023-2024ch - Semifinal"]
[Site "Madrid ESP"]
[Date "2024.05.08"]
[Round "3.15"]
[White "Pashov, Spas Nikolov"]
[Black "Vukotic Jovsic, Dragan"]
[Result "0-1"]
[WhiteElo "1893"]
[BlackElo "1849"]
[PlyCount "51"]
[EventDate "2024.05.06"]
[EventRounds "7"]
[SourceTitle "AjedrezenMadrid"]
[Source "lmi"]
[SourceDate "2024.05.06"]
[SourceVersion "1"]
[SourceVersionDate "2024.05.12"]
[SourceQuality "1"]

1. e4 c5 2. Nf3 d6 3. c4 Nf6 4. Nc3 e5 5. d3 Bg4 6. Be2 Be7 7. Be3 Nc6 8. h3
Bxf3 9. Bxf3 Nd4 10. O-O Nxf3+ 11. Qxf3 h6 12. Qg3 g5 13. Qf3 Qd7 14. Nd5 Nxd5
15. cxd5 h5 16. Qe2 f5 17. f3 O-O-O 18. Kf2 f4 19. Bd2 g4 20. fxg4 Bh4+ 21. Kg1
Rdg8 22. Be1 hxg4 23. hxg4 Rxg4 24. Bxh4 Rhxh4 25. Rf3 Qh7 26. Rff1 0-1

[Event "Madrid 2023-2024ch - Semifinal"]
[Site "Madrid ESP"]
[Date "2024.05.08"]
[Round "3.16"]
[White "Cardena Contreras, Javier"]
[Black "De Vicente Guijarro, Juan"]
[Result "1-0"]
[WhiteElo "1885"]
[BlackElo "1872"]
[PlyCount "131"]
[EventDate "2024.05.06"]
[EventRounds "7"]
[SourceTitle "AjedrezenMadrid"]
[Source "lmi"]
[SourceDate "2024.05.06"]
[SourceVersion "1"]
[SourceVersionDate "2024.05.12"]
[SourceQuality "1"]

1. e4 e5 2. Nf3 Nf6 3. Nxe5 d6 4. Nf3 Nxe4 5. d4 d5 6. Bd3 Nc6 7. O-O Be7 8.
Re1 Bg4 9. c3 f5 10. Nbd2 O-O 11. Be2 Qd6 12. Nf1 Bxf3 13. Bxf3 Bh4 14. g3 Bf6
15. Bf4 Qd7 16. Bg2 Rae8 17. f3 Nd6 18. Bxd6 Qxd6 19. f4 Rxe1 20. Qxe1 Qd7 21.
Qd2 Ne7 22. Re1 Nc8 23. Qd3 c6 24. Nd2 Nd6 25. Nf3 Re8 26. Ne5 Qd8 27. b3 Bxe5
28. dxe5 Qb6+ 29. Kf1 Ne4 30. Bxe4 dxe4 31. Qc4+ Kf8 32. Rd1 Rd8 33. Rxd8+ Qxd8
34. Ke2 Qd7 35. a4 Ke7 36. b4 b6 37. a5 bxa5 38. bxa5 Kd8 39. Ke3 Ke7 40. a6
Qd1 41. Qc5+ Ke6 42. Qxc6+ Ke7 43. Qc5+ Ke6 44. Qc8+ Ke7 45. Qb7+ Ke6 46. Qc6+
Ke7 47. Qc5+ Ke6 48. Qc4+ Ke7 49. Qe2 Qg1+ 50. Kd2 Qa1 51. Qc4 Qb2+ 52. Ke3
Qxh2 53. Qc5+ Ke6 54. Qd6+ Kf7 55. e6+ Kf6 56. Qe5+ Kg6 57. e7 Qg1+ 58. Kd2 e3+
59. Qxe3 Qxe3+ 60. Kxe3 Kf7 61. Kd4 Kxe7 62. Ke5 g6 63. c4 h6 64. c5 h5 65. c6
g5 66. fxg5 1-0

[Event "Madrid 2023-2024ch - Semifinal"]
[Site "Madrid ESP"]
[Date "2024.05.08"]
[Round "3.17"]
[White "Pavon Mestras, Luis"]
[Black "Zhao, Yuyang"]
[Result "1/2-1/2"]
[WhiteElo "1885"]
[BlackElo "1809"]
[PlyCount "117"]
[EventDate "2024.05.06"]
[EventRounds "7"]
[SourceTitle "AjedrezenMadrid"]
[Source "lmi"]
[SourceDate "2024.05.06"]
[SourceVersion "1"]
[SourceVersionDate "2024.05.12"]
[SourceQuality "1"]

1. d4 d5 2. c4 e6 3. Nc3 Nf6 4. cxd5 exd5 5. Bg5 Be7 6. e3 c6 7. Bd3 O-O 8.
Nge2 Nbd7 9. O-O Ne8 10. Bxe7 Qxe7 11. Qc2 g6 12. Rae1 f5 13. Ng3 Nd6 14. f3
Qg7 15. b4 f4 16. exf4 Qxd4+ 17. Kh1 Qf6 18. Nge2 Nb6 19. g4 Bd7 20. Ng3 Rae8
21. Rxe8 Rxe8 22. f5 gxf5 23. gxf5 Kf8 24. Nce2 Nbc4 25. Qc1 Ne3 26. Rg1 Nexf5
27. Nh5 Qf7 28. Nef4 b6 29. Qb2 Ke7 30. Ng7 Rg8 31. Nxf5+ Bxf5 32. Qe5+ Be6 33.
Re1 Kd7 34. Qxe6+ Qxe6 35. Rxe6 Rf8 36. Rh6 Rxf4 37. Rxh7+ Rf7 38. Rxf7+ Nxf7
39. Kg2 Ke6 40. Kg3 c5 41. bxc5 bxc5 42. Kf4 c4 43. Bc2 d4 44. Ke4 d3 45. Bd1
Ne5 46. Kd4 Kf5 47. h4 Kf4 48. h5 Kg5 49. f4+ Kxf4 50. h6 Kg5 51. h7 Nf7 52.
Kxc4 Kg6 53. Kxd3 Kxh7 54. Kc4 Nd6+ 55. Kc5 Ne4+ 56. Kd4 Nd6 57. Kd5 Nb5 58.
Kc4 Nd6+ 59. Kc5 1/2-1/2

[Event "Madrid 2023-2024ch - Semifinal"]
[Site "Madrid ESP"]
[Date "2024.05.08"]
[Round "3.18"]
[White "Godoy Herrera, Carlos"]
[Black "Ortega Sanchez Montanez, Marcos"]
[Result "1/2-1/2"]
[WhiteElo "1834"]
[BlackElo "1879"]
[PlyCount "79"]
[EventDate "2024.05.06"]
[EventRounds "7"]
[SourceTitle "AjedrezenMadrid"]
[Source "lmi"]
[SourceDate "2024.05.06"]
[SourceVersion "1"]
[SourceVersionDate "2024.05.12"]
[SourceQuality "1"]

1. d4 d5 2. Bf4 c5 3. e3 cxd4 4. exd4 Nc6 5. c3 Bf5 6. Nf3 Nf6 7. Qb3 Qb6 8.
Nbd2 e6 9. h3 Rc8 10. Be2 Be7 11. O-O O-O 12. Ne5 Nxe5 13. Bxe5 Nd7 14. Bg3 Nf6
15. Qxb6 axb6 16. a4 Ra8 17. Bc7 Nd7 18. Bb5 Rfc8 19. Bf4 Nb8 20. Nf3 Bd8 21.
Ne5 Bc7 22. Be3 f6 23. g4 fxe5 24. gxf5 exd4 25. Bxd4 e5 26. Be3 Nc6 27. f4
exf4 28. Bxf4 Bxf4 29. Rxf4 Rf8 30. Rd1 Rad8 31. c4 dxc4 32. Bxc4+ Kh8 33. Rxd8
Rxd8 34. f6 gxf6 35. Rxf6 Rd7 36. Bb5 Rd1+ 37. Kg2 Rd2+ 38. Rf2 Rd4 39. Kg3 Rb4
40. Rd2 1/2-1/2

[Event "Madrid 2023-2024ch - Semifinal"]
[Site "Madrid ESP"]
[Date "2024.05.08"]
[Round "3.19"]
[White "Arevillca Colque, Jonatan"]
[Black "Urosa Sanchez, Pablo"]
[Result "1-0"]
[WhiteElo "1912"]
[BlackElo "1827"]
[PlyCount "49"]
[EventDate "2024.05.06"]
[EventRounds "7"]
[SourceTitle "AjedrezenMadrid"]
[Source "lmi"]
[SourceDate "2024.05.06"]
[SourceVersion "1"]
[SourceVersionDate "2024.05.12"]
[SourceQuality "1"]

1. e4 c6 2. Nc3 d5 3. Nf3 Bg4 4. h3 Bxf3 5. Qxf3 e6 6. Qe2 d4 7. Nb1 e5 8. g3
c5 9. Bg2 Nc6 10. O-O Nf6 11. d3 Be7 12. f4 Qd7 13. a4 O-O-O 14. Na3 Kb8 15.
Nc4 Bd6 16. a5 Qe7 17. Bd2 h5 18. a6 b6 19. c3 h4 20. g4 exf4 21. e5 Nxe5 22.
Nxe5 Qxe5 23. Qf3 Nd5 24. Qxd5 f3 25. Qb7# 1-0

[Event "Madrid 2023-2024ch - Semifinal"]
[Site "Madrid ESP"]
[Date "2024.05.09"]
[Round "4.1"]
[White "Horcajuelo Rocamora, Martin"]
[Black "Torres Rebolledo, Victor"]
[Result "1-0"]
[WhiteElo "2242"]
[BlackElo "2214"]
[PlyCount "69"]
[EventDate "2024.05.06"]
[EventRounds "7"]
[SourceTitle "AjedrezenMadrid"]
[Source "lmi"]
[SourceDate "2024.05.06"]
[SourceVersion "1"]
[SourceVersionDate "2024.05.12"]
[SourceQuality "1"]

1. d4 Nf6 2. c4 e6 3. Nf3 d5 4. Nc3 h6 5. g3 Bd6 6. Bg2 O-O 7. O-O Nc6 8. c5
Be7 9. Qc2 Bd7 10. a3 b6 11. b4 bxc5 12. bxc5 Rb8 13. Bd2 Qc8 14. Qd3 Re8 15.
Rab1 Rxb1 16. Rxb1 Bf8 17. Rb2 e5 18. dxe5 Nxe5 19. Nxe5 Rxe5 20. Bf4 Rh5 21.
Nxd5 Nxd5 22. Bxd5 Be8 23. h4 Qd7 24. Rd2 Qe7 25. c6 Qf6 26. Qd4 Qg6 27. Be4
Qe6 28. Rc2 Qe7 29. Bd5 Qxa3 30. Bxc7 a5 31. Bf4 Bxc6 32. Bxc6 Qb3 33. Qc4 Qb1+
34. Rc1 Qb2 35. Bd5 1-0